|
|
|
|
| LEADER |
00000nam0a2200000 4500 |
| 001 |
287506 |
| 005 |
20231031234812.0 |
| 035 |
|
|
|a (RuTPU)RU\TPU\book\311909
|
| 090 |
|
|
|a 287506
|
| 100 |
|
|
|a 20150317d1985 km y0rusy50 ca
|
| 101 |
0 |
|
|a rus
|
| 102 |
|
|
|a RU
|
| 105 |
|
|
|a y z 000zy
|
| 200 |
1 |
|
|a Интенсификация и эффективность
|f А. В. Бачурин
|
| 210 |
|
|
|a Москва
|c Экономика
|d 1985
|
| 215 |
|
|
|a 264 с.
|
| 606 |
1 |
|
|a Интенсификация производства
|2 stltpush
|3 (RuTPU)RU\TPU\subj\36196
|
| 610 |
1 |
|
|a эффективность
|
| 610 |
1 |
|
|a научно-технический прогресс
|
| 610 |
1 |
|
|a ускорение
|
| 610 |
1 |
|
|a капитальные вложения
|
| 610 |
1 |
|
|a общественный труд
|
| 610 |
1 |
|
|a производительность
|
| 610 |
1 |
|
|a общественное пространство
|
| 686 |
|
|
|a У9(2)0-70
|v LBC/SL-A
|2 rubbk
|
| 700 |
|
1 |
|a Бачурин
|b А. В.
|g Александр Васильевич
|
| 801 |
|
1 |
|a RU
|b 63413507
|c 20150317
|
| 801 |
|
2 |
|a RU
|b 63413507
|c 20180320
|g RCR
|
| 942 |
|
|
|c BK
|